[Event "Aragon-chT Preferente Gr-II"]
[Site "Aragon"]
[Date "2020.01.25"]
[Round "1.70"]
[White "Gimeno Diaz, Fernando"]
[Black "Morato Garcia, Jesus"]
[Result "0-1"]
[WhiteElo "1797"]
[BlackElo "1847"]
[PlyCount "104"]
[EventDate "2020.01.25"]
[EventType "team-tourn"]
[EventRounds "9"]
[EventCountry "ESP"]
[SourceTitle "EXT 2022"]
[Source "ChessBase"]
[SourceDate "2021.10.06"]
[SourceVersion "1"]
[SourceVersionDate "2021.10.06"]
[SourceQuality "1"]
[WhiteTeam "Agrupacion III"]
[BlackTeam "Las Fuentes II"]
[WhiteTeamCountry "ESP"]
[BlackTeamCountry "ESP"]

1. d4 Nf6 2. Nf3 e6 3. c4 Bb4+ 4. Bd2 Qe7 5. a3 Bxd2+ 6. Nbxd2 a5 7. e3 0-0 8. Bd3 d6 9. 0-0 e5 10. Qc2 h6 11. h3 Nc6 12. d5 Nb8 13. g4 Na6 14. Bf5 Nc5 15. Bxc8 Raxc8 16. b4 axb4 17. axb4 Na6 18. Ra4 Ra8 19. Nb3 Nd7 20. Rfa1 Nb6 21. Ra5 Nxb4 22. Qc3 Na6 23. e4 f6 24. Nh4 Rfe8 25. Nf5 Qf8 26. h4 Nd7 27. Kh2 Nac5 28. Rxa8 Rxa8 29. Nxc5 Nxc5 30. f3 Qe8 31. Ra3 Rxa3 32. Qxa3 Qa4 33. Qe3 Qb3 34. Qe2 Nd3 35. g5 Nf4 36. Qf2 hxg5 37. hxg5 fxg5 38. Qg3 Qc2+ 39. Kh1 Qc1+ 40. Kh2 Ng6 41. Qh3 Qd2+ 42. Kh1 Qe1+ 43. Kh2 Qf2+ 44. Kh1 Nh4 45. Nxg7 Qxf3+ 46. Qxf3 Nxf3 47. Ne8 Nd2 48. Nxc7 Nxc4 49. Ne6 b5 50. Nxg5 b4 51. Nf3 b3 52. Nxe5 dxe5 0-1

[Event "Aragon-chT Preferente Gr-II"]
[Site "Aragon"]
[Date "2019.01.26"]
[Round "1.72"]
[White "Gimeno Diaz, Fernando"]
[Black "Vela Frago, Alberto"]
[Result "1/2-1/2"]
[WhiteElo "1733"]
[BlackElo "1846"]
[PlyCount "58"]
[EventDate "2019.01.26"]
[EventType "team-tourn"]
[EventRounds "9"]
[EventCountry "ESP"]
[SourceTitle "EXT 2020"]
[Source "ChessBase"]
[SourceDate "2019.10.17"]
[SourceVersion "1"]
[SourceVersionDate "2019.10.17"]
[SourceQuality "1"]
[WhiteTeam "Agrupacion III"]
[BlackTeam "St Casablanca II"]
[WhiteTeamCountry "ESP"]
[BlackTeamCountry "ESP"]

1. d4 Nf6 2. Nf3 e6 3. c4 c5 4. g3 d5 5. cxd5 exd5 6. Bg2 Nc6 7. 0-0 Be7 8. Nc3 0-0 9. dxc5 Bxc5 10. Bg5 d4 11. Bxf6 Qxf6 12. Ne4 Qe7 13. Nxc5 Qxc5 14. Rc1 Qb6 15. Qd2 Be6 16. b3 a5 17. Rfd1 Rfd8 18. Qf4 h6 19. Ne5 Nxe5 20. Qxe5 f6 21. Qc7 Qxc7 22. Rxc7 Rac8 23. Rdc1 Rxc7 24. Rxc7 d3 25. exd3 Rxd3 26. Bxb7 Bh3 27. Rc1 Rd2 28. a3 Kf8 29. Bc8 f5 1/2-1/2

[Event "Madrid FEDC-ch 25th"]
[Site "Madrid"]
[Date "2016.11.10"]
[Round "5"]
[White "Gimeno Diaz, Fernando"]
[Black "Gutierrez Garcia, Julio"]
[Result "1/2-1/2"]
[WhiteElo "1755"]
[BlackElo "1588"]
[PlyCount "126"]
[EventDate "2016.11.06"]
[EventType "swiss"]
[EventRounds "8"]
[EventCountry "ESP"]
[SourceTitle "CBM 175 Extra"]
[Source "ChessBase"]
[SourceDate "2016.12.12"]
[SourceVersion "1"]
[SourceVersionDate "2016.12.12"]
[SourceQuality "1"]

1. d4 d5 2. Nf3 e6 3. c4 Nf6 4. Nc3 Nbd7 5. e3 c6 6. Qc2 Be7 7. Bd3 dxc4 8. Bxc4 b5 9. Bd3 a6 10. 0-0 Bb7 11. Ne4 Nxe4 12. Bxe4 Nf6 13. Bxc6+ Bxc6 14. Qxc6+ Kf8 15. Bd2 g6 16. Ba5 Rc8 17. Qxa6 Ra8 18. Bxd8 Rxa6 19. Bxe7+ Kxe7 20. a3 Ne4 21. Rac1 Rb6 22. Rc2 Rd8 23. Rfc1 Rd7 24. Ne5 Rdb7 25. f3 Nd6 26. Rc7+ Kd8 27. Rxb7 Rxb7 28. Kf2 f6 29. Nd3 Ke7 30. b3 Ra7 31. Ra1 Rc7 32. Nc5 e5 33. a4 exd4 34. exd4 Nf5 35. Re1+ Kf7 36. Ne6 Rc2+ 37. Kf1 bxa4 38. bxa4 Ra2 39. g4 Ne7 40. Nc5 Nd5 41. Re2 Ra1+ 42. Kf2 Nc3 43. Rc2 Nxa4 44. Nxa4 Rxa4 45. Ke3 Ra3+ 46. Ke4 f5+ 47. gxf5 gxf5+ 48. Kxf5 Rxf3+ 49. Ke4 Rh3 50. d5 Ke7 51. Rd2 Rh5 52. d6+ Kd7 53. Kf4 Rh6 54. Ke5 Re6+ 55. Kf5 Rh6 56. Kg5 Re6 57. h4 Rg6+ 58. Kf5 Re6 59. h5 Rh6 60. Kg5 Re6 61. Rd5 h6+ 62. Kf5 Rxd6 63. Rxd6+ Kxd6 1/2-1/2

[Event "Madrid FEDC-ch 25th"]
[Site "Madrid"]
[Date "2016.11.09"]
[Round "4"]
[White "Diez Asensio, Jesus"]
[Black "Gimeno Diaz, Fernando"]
[Result "1-0"]
[WhiteElo "1842"]
[BlackElo "1755"]
[PlyCount "87"]
[EventDate "2016.11.06"]
[EventType "swiss"]
[EventRounds "8"]
[EventCountry "ESP"]
[SourceTitle "CBM 175 Extra"]
[Source "ChessBase"]
[SourceDate "2016.12.12"]
[SourceVersion "1"]
[SourceVersionDate "2016.12.12"]
[SourceQuality "1"]

1. d4 d5 2. Nf3 c6 3. c4 Nf6 4. Qc2 e6 5. g3 Be7 6. Bg2 0-0 7. 0-0 b6 8. Rd1 Bb7 9. b3 Nbd7 10. Nc3 Rc8 11. e4 dxe4 12. Nxe4 Nxe4 13. Qxe4 Nf6 14. Qe2 Qc7 15. Bf4 Bd6 16. Ne5 Rfd8 17. c5 bxc5 18. dxc5 Bxc5 19. Nd7 Qa5 20. Nxf6+ gxf6 21. Bh6 Bf8 22. Qg4+ Kh8 23. Bxf8 Rxf8 24. Rd7 Rc7 25. Qd4 Rxd7 26. Qxd7 Bc8 27. Qe7 Qd8 28. Qxa7 Qd6 29. a4 c5 30. a5 Ba6 31. Qb6 Rd8 32. Qxd6 Rxd6 33. Rc1 Rd4 34. Bf1 Bxf1 35. Kxf1 Rb4 36. Ra1 Rxb3 37. a6 Rb8 38. Ke2 Kg7 39. Kd3 Kf8 40. Kc4 Ke7 41. a7 Ra8 42. Kxc5 Kd7 43. Kb6 e5 44. Kb7 1-0

[Event "Madrid FEDC-ch 25th"]
[Site "Madrid"]
[Date "2016.11.08"]
[Round "3"]
[White "Gimeno Diaz, Fernando"]
[Black "Munoz Perez, Javier C"]
[Result "1-0"]
[WhiteElo "1755"]
[BlackElo "1563"]
[PlyCount "61"]
[EventDate "2016.11.06"]
[EventType "swiss"]
[EventRounds "8"]
[EventCountry "ESP"]
[SourceTitle "CBM 175 Extra"]
[Source "ChessBase"]
[SourceDate "2016.12.12"]
[SourceVersion "1"]
[SourceVersionDate "2016.12.12"]
[SourceQuality "1"]

1. d4 Nf6 2. Nf3 g6 3. c4 Bg7 4. Nc3 0-0 5. e4 d6 6. h3 e5 7. d5 Na6 8. Be3 Nc5 9. Qc2 Nh5 10. b4 Nd7 11. Be2 Nf4 12. Bf1 f5 13. g3 fxe4 14. Nxe4 Nh5 15. Bg2 Ndf6 16. Ned2 Qe8 17. 0-0 Bf5 18. Qb3 Ne4 19. g4 Nxd2 20. Nxd2 e4 21. Rac1 Be5 22. Bh6 Nf4 23. Bxf8 Ne2+ 24. Kh1 Nxc1 25. Rxc1 Bf4 26. Rd1 Bxd2 27. Rxd2 Qxf8 28. gxf5 Qxf5 29. Qe3 Re8 30. Kg1 Qe5 31. Rd4 1-0